Respect for People - RfP (Record no. 104299)
[ view plain ]
| 000 -LEADER | |
|---|---|
| fixed length control field | 01083cam a2200193 4500 |
| 001 - CONTROL NUMBER | |
| control field | L129875 |
| 008 - FIXED-LENGTH DATA ELEMENTS--GENERAL INFORMATION | |
| fixed length control field | 050601n2005 000 0 eng u |
| 035 ## - SYSTEM CONTROL NUMBER | |
| System control number | (Sirsi) u129875 |
| 041 ## - LANGUAGE CODE | |
| Language code of text/sound track or separate title | eng |
| 050 ## - LIBRARY OF CONGRESS CALL NUMBER | |
| Classification number | 690.22 |
| -- | 18 |
| 110 ## - MAIN ENTRY--CORPORATE NAME | |
| Corporate name or jurisdiction name as entry element | Strategic Forum for Construction |
| 9 (RLIN) | 4358 |
| 245 ## - TITLE STATEMENT | |
| Title | Respect for People - RfP |
| Remainder of title | code of good working health and safety practices |
| 260 ## - PUBLICATION, DISTRIBUTION, ETC. | |
| Place of publication, distribution, etc. | [S.I.] |
| Name of publisher, distributor, etc. | Strategic Forum for Construction |
| Date of publication, distribution, etc. | 2005 |
| 520 ## - SUMMARY, ETC. | |
| Summary, etc. | This code outlines how everyone in the construction sector can contribute to the Respect for People (RfP) health and safety agenda, through partnership that secures decent on-site working conditions and respects the communities where construction work is carried out. The code contains the RfP vision and mission, key actions for stakeholders, advice on implementing the code, and advice on key issues that should be addressed. |
| 590 ## - LOCAL NOTE (RLIN) | |
| Local note | IKA070605 |
| 690 ## - LOCAL SUBJECT ADDED ENTRY--TOPICAL TERM (OCLC, RLIN) | |
| Topical term or geographic name as entry element | MANAGEMENT-HEALTH AND SAFETY |
| 856 ## - ELECTRONIC LOCATION AND ACCESS | |
| Uniform Resource Identifier | <a href="https://www.strategicforum.org.uk/pdf/codeofpractice.pdf">https://www.strategicforum.org.uk/pdf/codeofpractice.pdf</a> |
| Public note | View the item free of charge at www.strategicforum.org.uk |
| 942 ## - ADDED ENTRY ELEMENTS (KOHA) | |
| Suppress in OPAC | 0 |
| Withdrawn status | Lost status | Source of classification or shelving scheme | Damaged status | Not for loan | Home library | Current library | Shelving location | Date acquired | Total Checkouts | Full call number | Barcode | Date last seen | Copy number | Price effective from | Koha item type |
|---|---|---|---|---|---|---|---|---|---|---|---|---|---|---|---|
| Dewey Decimal Classification | Virtual | Virtual | Online | 01/06/2005 | ONLINE PUBLICATION | 129875-2001 | 06/08/2019 | 1 | 06/08/2019 | Book |